Lifting of restriction (Record no. 62212)
[ view plain ]
| 000 -LEADER | |
|---|---|
| fixed length control field | 00733cam a2200217 4500 |
| 001 - CONTROL NUMBER | |
| control field | WB3602-19 |
| 008 - FIXED-LENGTH DATA ELEMENTS--GENERAL INFORMATION | |
| fixed length control field | 000000n2000 000 0 eng u |
| 035 ## - SYSTEM CONTROL NUMBER | |
| System control number | (Sirsi) u103574 |
| 245 ## - TITLE STATEMENT | |
| Title | Lifting of restriction |
| 260 ## - PUBLICATION, DISTRIBUTION, ETC. | |
| Date of publication, distribution, etc. | 2000 |
| 490 ## - SERIES STATEMENT | |
| Series statement | Housing Today |
| Volume/sequential designation | (165) 6 January 2000, 8(1) |
| 520 ## - SUMMARY, ETC. | |
| Summary, etc. | Government has extended protection from excessive charges for major works to council leaseholders in PFI initiatives. Councils will be able to include the additional costs in their initial PFI bids. |
| 590 ## - LOCAL NOTE (RLIN) | |
| Local note | WB |
| 650 ## - SUBJECT ADDED ENTRY--TOPICAL TERM | |
| Topical term or geographic name entry element | PFI |
| 650 ## - SUBJECT ADDED ENTRY--TOPICAL TERM | |
| Topical term or geographic name entry element | PRIVATE FINANCE INITIATIVE |
| 650 ## - SUBJECT ADDED ENTRY--TOPICAL TERM | |
| Topical term or geographic name entry element | LEASEHOLDERS |
| 650 ## - SUBJECT ADDED ENTRY--TOPICAL TERM | |
| Topical term or geographic name entry element | SOCIAL RENTED SECTOR |
| 650 ## - SUBJECT ADDED ENTRY--TOPICAL TERM | |
| Topical term or geographic name entry element | COUNCIL HOUSES |
| 690 ## - LOCAL SUBJECT ADDED ENTRY--TOPICAL TERM (OCLC, RLIN) | |
| Topical term or geographic name as entry element | Affordable housing |
| 9 (RLIN) | 6215 |
| 942 ## - ADDED ENTRY ELEMENTS (KOHA) | |
| Suppress in OPAC | 0 |
| Withdrawn status | Lost status | Source of classification or shelving scheme | Damaged status | Not for loan | Home library | Current library | Shelving location | Date acquired | Total Checkouts | Full call number | Barcode | Date last seen | Copy number | Price effective from | Koha item type |
|---|---|---|---|---|---|---|---|---|---|---|---|---|---|---|---|
| Dewey Decimal Classification | London | London | News article | 14/01/2000 | WB3602-19 | 103574-1001 | 06/08/2019 | 1 | 06/08/2019 | News article |